• 首页
  • 本馆介绍
  • 公告通知
  • 最新文献
  • 馆藏检索
  • 电子资源
  • 读者导购
  • 参考咨询
  • 我的图书馆
  • 登录
  • 详细信息显示
  • 放入我的书架
  • 预约/预借图书
  • 作者相关作品
  • 分类相关作品
  • 丛书相关作品
  • 出版社相关作品

书目信息

  • 表格格式
  • 工作单格式
  • 卡片格式
题名:
自恋主义文化
    
 
作者: 拉斯奇 著 ;陈红雯 , 吕明 译
分册:  
出版信息: 上海   上海文化出版社  1988.11
页数: 271页
开本: 19cm
丛书名: 万物之灵丛书
单 册:
中图分类: B712.59
科图分类:
主题词: 哲学--美国--现代
电子资源:
ISBN: 7-80511-179-0
000 00786nam2 2200265 45
001 0189009341
005 20050531083331.0
010    @a7-80511-179-0@dCNY2.80
020    @aCN@b89009341
100    @a19901121d1988 m y0chiy0120 ea
101 2  @achi@ceng
102    @aCN@b310000
105    @ay z 000yy
200 10 @a自恋主义文化@Azi lian zhu yi wen hua@f(美)克里斯多夫·拉斯奇著@F(Mei)Ke Li Si Duo Fu·La Si Qi Zhu@g陈红雯,吕明译
210    @a上海@c上海文化出版社@d1988.11
215    @a271页@d19cm
225 2  @a万物之灵丛书
410  0 @120010@a万物之灵丛书
606 0  @a哲学@x美国@x现代
690    @aB712.59@v3
701  0 @a拉斯奇@4著
702  0 @a陈红雯@Achen hong wen@4译
702  0 @a吕明@Alu ming@4译
801  0 @aCN@bNLC@c19901121
905    @dB712.59@e12@f1@b219068
    
    自恋主义文化/(美)克里斯多夫·拉斯奇著/陈红雯,吕明译.-上海:上海文化出版社,1988.11
    271页;19cm.-(万物之灵丛书)
    
    
    ISBN 7-80511-179-0:CNY2.80
    
●
相关链接 在E读中查询图书 在五车中查询图书 在当当中查询图书 在豆瓣中查询图书


正题名:自恋主义文化     索取号:B712.59/12         预约/预借

序号 登录号 条形码 馆藏地/架位号 状态 备注
1 0219067   000578128   第一借阅区/ [索取号:B712.59/12] 在馆    
2 0219068   002041436   第一样本阅览室/ [索取号:B712.59/12] 在馆    
唐山师范学院图书馆 欢迎您!
大连网信软件有限公司© 版权所有